00474nam a2200169 a 4500001001300000003000900013005001700022008004100039020001100080082001300091100002000104245007200124260004400196300000900240500003500249650002000284nice12345678IN_TiNIC20260116014746.0070828s2002 lona grp 000 0 eng  ac346000a327bTEH aTehrania, Majid aDialogue of Civilizationsb A New Peace Agenda for a New Millennium aLondon bI.B. Tauris and Co. Ldt c2002 a302p aincludes index and biblioraphy aNew World Order